Statistics for Jeopardy #8462

Click here to take the quiz!

General Stats

  • This quiz has been taken 32 times
  • The average score is 13 of 61

Answer Stats

CategoryCashClueAnswer% Correct
COMPOUND WORDS$400The coccyx, colloquiallytailbone
72%
BOOKS FOR KIDS$200This book asks, "Would you eat them in a box? Would you eat them with a fox?"Green Eggs and Ham
67%
INAUGURATING A PRESIDENT$600Even when inaugurations were in this month for over a century, snow could still be an issue as it was for President-Elect TaftMarch
56%
BOOKS FOR KIDS$600A baby bird hatches alone & asks a dog, a hen & a kitten the title question of this classic bookAre You My Mother?
50%
COMPOUND WORDS$200ORD or SFOairport
44%
THE CANINES FILM FESTIVAL$800Your pooch loved Steve Buscemi as Mr. Pink in this Tarantino film but found the title misleadingReservoir Dogs
44%
BOOKS FOR KIDS$800A chapter in "The Wizard of Oz" is "The Council with" these folksthe Munchkins
44%
PROTEST THIS$400In 2008 a Guy Fawkes mask became a symbol of this shadowy 9-letter protest groupAnonymous
39%
PROTEST THIS$1000Yemeni activist Tawakkol Karman won a Nobel Peace Prize in 2011 for protests ultimately part of this "vernal" uprisingArab Spring
39%
THE CANINES FILM FESTIVAL$600"Immortal Beloved" is a biography of a composer while the 1992 movie with this one-word title is about a Saint BernardBeethoven
39%
PROTEST THIS$800People in this Scandinavian country couldn't fly their flag under Prussian rule, so they bred protest pigs with its colorsDenmark
39%
COMPOUND WORDS$1000She used me as her mere this, a synonym for toyplaything
39%
INAUGURATING A PRESIDENT$200John Quincy Adams didn't take his oath with his hand on a Bible; he used a law book that included this document that he read from(the) Constitution
39%
ALSO A BODY PART$400A tropical treea palm
33%
ALSO A BODY PART$1600A piece of furniture with drawerschest
33%
COMPOUND WORDS$600A woodchuck is one of these giant squirrels, also a compound wordgroundhog
33%
NATIONS$400This country's northernmost point is Cape Soya on HokkaidoJapan
33%
THE CANINES FILM FESTIVAL$400Jim Dear gives his wife Darling a Cocker Spaniel for Christmas in this animated filmLady and the Tramp
33%
COMPOUND WORDS$800It gets its name because it's said to combine the flavors of cinnamon, clove & nutmegallspice
28%
PROPHETS OF THE BIBLE$2000Elijah crusaded against the worship of the Canaanite gods Asherah & this oneBaal
28%
19th CENTURY MUSIC$400An early song to be mastered on keyboards, this 1877 tune shares a name with a set of eating implements"Chopsticks"
28%
THE CANINES FILM FESTIVAL$200Champ Gabrielle Reece shows up in "Air Bud: Spikes Back", about a dog excelling in this outdoor sportbeach volleyball
22%
A TOUCH OF GLASS$400It was in Charles Perrault's version of the fairy tale that this heroine first got her glass slipperCinderella
22%
PROTEST THIS$600On February 1, 1960 a Woolworth's lunch counter in this North Carolina city was the site of nonviolent protestGreensboro
22%
INAUGURATING A PRESIDENT$1000A new blueberry variety of this treat was created for Ronald Reagan's 1981 inaugurationjelly bean
22%
ALSO A BODY PART$1200A bare minimum crewskeleton
22%
TV ROLES$800This actor's roles have included Jesse Pinkman on "Breaking Bad" & Caleb Nichols on "Westworld"(Aaron) Paul
17%
A VISIT TO THE ISS$600(Dr. Kate Rubins presents the clue.) ISS crew members have gone on more than 230 of these assembly & maintenance excursions; I've been on four, & in 2019, Jessica Meir & Christina Koch made the first all-female onea spacewalk
17%
INAUGURATING A PRESIDENT$400James Madison was honored at the first of these inaugural events, held at Long's Hotel with tickets costing $4 a personball
17%
A VISIT TO THE ISS$200(Dr. Kate Rubins presents the clue.) Conducting an experiment that could help us diagnose & treat health problems in space, in 2016, I became the first person to sequence the base pairs of this material while in orbitDNA
17%
NATIONS$1200This small nation is mainland South America's only country with English as an official languageGuyana
17%
PROTEST THIS$200Beyond the barricades in 2019, Hong Kongers sang, "Do you hear the people sing?" from this musicalLes Misérables
17%
TV ROLES$400On accepting her Golden Globe for "The Crown", Emma Corrin paid tribute to this woman whom she portrayed(Princess) Diana
17%
A VISIT TO THE ISS$400(Dr. Kate Rubins presents the clue.) Look up in the sky at dawn or dusk & you might be able to spot the ISS flying overhead; it's visible thanks to nearly an acre of the arrays that provide this type of powersolar
17%
BOOKS FOR KIDS$1000"Merlin Missions" are books in this "Magic" time-traveling series for older readersthe Magic Tree House
17%
PROPHETS OF THE BIBLE$1600King David consulted with the prophet Nathan about his intention to build a structure to hold this chestArk (of the Covenant)
11%
ALSO A BODY PART$800Munitionsarms
11%
NATIONS$160016 federal states make up Germany; this one that's home to Munich is the largest in areaBavaria
11%
A VISIT TO THE ISS$1000(Dr. Kate Rubins presents the clue.) One of the perks of working on the ISS is the incredible view; here's this cape from 250 miles overhead that's played a key role in the history of space flight(Cape) Canaveral
11%
NATIONS$2000France has a major overseas naval base in this small Horn of Africa country that was a French territory until 1977Djibouti
11%
INAUGURATING A PRESIDENT$800This man flubbed some of the words while administering the oath to Barack Obama, so they did it all again a day later(John) Roberts
11%
PROPHETS OF THE BIBLE$800The name of this man who was thrown overboard & swallowed by a fish became a word for one who brings bad luckJonah
11%
19th CENTURY MUSIC$800The orchestra known as the Berlin this, meaning "lover of music", debuted in 1882Philharmonic
11%
A VISIT TO THE ISS$800(Dr. Kate Rubins presents the clue.) ISS crew members look forward to the arrival of supplies on four different spacecraft from three countries, including the Dragon from this U.S. company that has also pioneered the development of reusable rocketsSpaceX
11%
NATIONS$800The 2 main linguistic communities in Belgium are the French-speaking Walloons & this Dutch-speaking onethe Flemish
11%
19th CENTURY MUSIC$2000The first music publisher to move to what was nicknamed this "Alley" in New York City was M. Witmark & Sons in 1893Tin Pan
11%
THE CANINES FILM FESTIVAL$1000Your pooch loved Robert De Niro as a spin doctor dealing with a presidential scandal in this film but found the title misleadingWag the Dog
11%
A TOUCH OF GLASS$800A stained glass window depicts the death of Thomas Becket at this cathedral where he was slainCanterbury Cathedral
6%
A TOUCH OF GLASS$2000Seen here is "Float Boat" with glass contents fashioned by this famous artist from TacomaChihuly
6%
PROPHETS OF THE BIBLE$1200For interpreting Nebuchadnezzar's dreams, this prophet was made ruler over a province of the empireDaniel
6%
ALSO A BODY PART$2000A rainbow goddessIris
6%
TV ROLES$1200In 2021 Soleil Moon Frye reprised this '80s role, now all grown up with children of her ownPunky Brewster
6%
A TOUCH OF GLASS$1600The main ingredient in most glass is this 6-letter compound, also known as industrial sandsilica
6%
19th CENTURY MUSIC$1200Invented in France in the 1820s, this instrument seena cornet
0%
A TOUCH OF GLASS$1200In 1879 glassblowers at this N.Y. glass company created the first bulbs for Edison's new electric lightCorning
0%
19th CENTURY MUSIC$1600A veteran of the Battle of Waterloo, this German who built his first piano in 1836 later made a grand turn to AmericaHenry Steinway
0%
PROPHETS OF THE BIBLE$400In chapter 1 Zechariah recounts a vision of these beasts, similar to a vision in Revelation of 4 of them being ridden(red or white) horses
0%
TV ROLES$2000Lee Majors played a stuntman who had a side hustle as a bounty hunter on this 1980s seriesThe Fall Guy
0%
TV ROLES$1600On this HBO Max show, it's a bumpy ride for Kaley Cuoco in the title profession when she gets embroiled in a murder mysteryThe Flight Attendant
0%
BOOKS FOR KIDS$400This 1962 classic by Ezra Jack Keats has been praised for advancing multiculturalismThe Snowy Day
0%
FICTIONAL PLACESN/AA savage people called Zapoletes are contrasted with the inhabitants of the title place of this 16th century workUtopia
0%

Score Distribution

Percentile by Number Answered

Percent of People with Each Score

Your Score History

You have not taken this quiz